| 000 | 01023cam a2200277 a 4500 | ||
|---|---|---|---|
| 001 | 1560643 | ||
| 003 | ARRUPE | ||
| 005 | 20131001142955.0 | ||
| 008 | 920720r19941981mau 000 0beng | ||
| 010 | _a 92028534 | ||
| 020 | _a0932506933 | ||
| 040 |
_aDLC _cDLC _dDLC |
||
| 050 | 1 | 0 |
_aBR1720.B45 _bH85 1994 |
| 082 | 0 | 0 |
_a271/.102 _220 |
| 100 | 1 |
_aHume, Basil, _d1923-1999. _91890 |
|
| 245 | 1 | 0 |
_aIn praise of Benedict, 480-1980 A.D. / _cBasil Hume. |
| 260 |
_aPetersham, Mass. : _bSt. Bede's Publications, _c[1994?] |
||
| 300 |
_a88 p. ; _c22 cm. |
||
| 500 | _aOriginally published: London : Hodder and Stoughton, 1981. | ||
| 600 | 0 | 0 |
_aBenedict, _cSaint, Abbot of Monte Cassino. _91891 |
| 610 | 2 | 0 |
_aBenedictines. _91892 |
| 856 | 4 | 2 |
_3Contributor biographical information _uhttp://www.loc.gov/catdir/enhancements/fy0734/92028534-b.html |
| 906 |
_a7 _bcbc _corignew _d1 _eocip _f19 _gy-gencatlg |
||
| 942 |
_2lcc _cMONOGRAPH |
||
| 999 |
_c118194 _d118194 |
||